Normal view
MARC view
- الحجاوي، طلال محمد علي؛ م. مشارك مصطفى سلام الدفاعي
Entry Personal Name
001 - CONTROL NUMBER
- control field: 61570
003 - CONTROL NUMBER IDENTIFIER
- control field: JO-AjAnu
005 - DATE AND TIME OF LATEST TRANSACTION
- control field: 20230606084047.0
008 - FIXED-LENGTH DATA ELEMENTS
- fixed length control field: 230606|| aca||aabn | a|a d
040 ## - CATALOGING SOURCE
- Original cataloging agency: JO-AjAnu
- Transcribing agency: JO-AjAnu
100 ## - HEADING--PERSONAL NAME
- Personal name: الحجاوي، طلال محمد علي؛ م. مشارك مصطفى سلام الدفاعي
670 ## - SOURCE DATA FOUND
- Source citation: Work cat.: (JO-AjAnu)31405: الحجاوي، طلال محمد علي؛ م. مشارك مصطفى سلام الدفاعي, author, التقييم المحاسبي للمصارف الاسلامية